Joueurs passés par Benfica - Mort subite - Statistiques

Statistiques générales
  • Ce quiz a été pris 1 132 fois
  • Le résultat moyen est 12 sur 20
Answers on the Grid
Answers color-coded by a green-red scale on the quiz's grid according to % correct below.
Ángel Di María
Ederson
Zeki Amdouni
Eusébio
Rui Costa
Cristiano Ronaldo
Darwin Núñez
João Cancelo
Álex Grimaldo
Jan Oblak
Bernardo Silva
Axel Witsel
Nemanja Matić
Ramires
Renato Sanches
Enzo Fernández
Rúben Dias
David Luiz
Jean-Clair Todibo
Rafa
Maxi Pereira
Rafael Leão
Luís Figo
Reinildo
Bertrand Traoré
Gonzalo Montiel
Casemiro
Domingos Quina
Lukáš Hrádecký
Dimitar Berbatov
Jesé
Sérgio Oliveira
 
Statistiques - réponses
Réponse % Correct
Ángel Di María
76%
Darwin Núñez
71%
Renato Sanches
69%
Rúben Dias
68%
Álex Grimaldo
67%
Enzo Fernández
66%
Eusébio
66%
Rafa
66%
Bernardo Silva
62%
David Luiz
60%
João Cancelo
59%
Ederson
57%
Rui Costa
56%
Jan Oblak
55%
Nemanja Matić
54%
Axel Witsel
53%
Zeki Amdouni
44%
Jean-Clair Todibo
39%
Maxi Pereira
38%
Ramires
36%
Aucun quiz correspondant
Distribution des résultats
% des personnes avec chaque résultat
Percentile par nombre de réponses
Votre historique - résultats
Vous n’avez pas pris ce quiz